Personnages de Lucky Luke par image - Statistiques

Statistiques générales
  • Ce quiz a été pris 25 fois
  • Le résultat moyen est 8 sur 16
Statistiques - réponses
Par images Réponse % Correct
Les Dalton
100%
Lucky Luke
100%
Rantanplan
96%
Ma Dalton
91%
Jolly Jumper
87%
Billy the Kid
74%
Calamity Jane
74%
Phil Defer
39%
Le croque-mort
35%
Jesse James
22%
Docteur Doxey
13%
Elliot Belt
13%
Pat Poker
13%
Hank Bully
4%
Le directeur du pénitencier
4%
Lulu Carabine
0%
Aucun quiz correspondant
Distribution des résultats
% des personnes avec chaque résultat
Percentile par nombre de réponses
Votre historique - résultats
Vous n’avez pas pris ce quiz